| 000 | 01428nam a2200181Ia 4500 | ||
|---|---|---|---|
| 008 | 151202s9999||||xx |||||||||||||| ||und|| | ||
| 082 | _bPNVM-1624 | ||
| 100 | _aसरदेसाई गो. स. | ||
| 245 | _a"पेशवे दप्तरातून निवडलेले कागद, पेशव्यांच्या रोजनिशितील उतारे 36 इंग्रज व मराठे यांचे पहिले युध्द ते 40 बाळाजी बाजीराव संकीर्ण." | ||
| 260 | _bGOVT. OF BOMBAY. | ||
| 260 | _c0 | ||
| 300 | _a0 | ||
| 600 | _aसरदेसाई गो. स. | ||
| 630 | _a"पेशवे दप्तरातून निवडलेले कागद, पेशव्यांच्या रोजनिशितील उतारे 36 इंग्रज व मराठे यांचे पहिले युध्द ते 40 बाळाजी बाजीराव संकीर्ण." | ||
| 700 | _aसरदेसाई गो. स. | ||
| 730 | _a"पेशवे दप्तरातून निवडलेले कागद, पेशव्यांच्या रोजनिशितील उतारे 36 इंग्रज व मराठे यांचे पहिले युध्द ते 40 बाळाजी बाजीराव संकीर्ण." | ||
| 942 | _cBOOK | ||
| 999 |
_c1267622 _d1267619 |
||